Statistics for boygenius - Cool About It (Lyrics)

Click here to take the quiz!

General Stats

  • This quiz has been taken 297 times
  • The average score is 187 of 209

Answer Stats

Answer% Correct
a
100%
about
100%
I
100%
an
99%
it
99%
to
99%
you
99%
be
98%
like
98%
we
98%
and
97%
And
97%
cool
97%
Met
97%
act
96%
do
96%
feel
96%
with
96%
ask
95%
Ask
95%
at
95%
the
95%
can
94%
"No
94%
trying
94%
know
93%
So
93%
your
93%
fool
92%
go
92%
have
92%
some
92%
absolute
91%
I'm
91%
it's
91%
of
91%
acting
90%
bar
90%
tattoos
90%
cowboys
89%
fun
89%
make
89%
medication
89%
method
89%
neck
89%
pool
89%
school
89%
took
89%
true
89%
what
89%
work
89%
you're
89%
can't
88%
dive
88%
don't
88%
easy
88%
Feeling
88%
home
88%
isn't
88%
now,
88%
practice
88%
questions
88%
shoot
88%
talk
88%
walk
88%
doing
87%
for
87%
how
87%
mind
87%
read
87%
But
86%
Once,
86%
I'll
85%
Wishing
85%
kind
84%
lie
84%
pretend
84%
when
84%
being
83%
doesn't
83%
were
83%
cruel
82%
drowning
82%
enough
82%
let
82%
my
81%
say,
81%
forget
80%
if
80%
only
80%
you'd
80%
take
79%
absolution
78%
breaking
78%
prepared
78%
probably
78%
regrets"
78%
sweat
78%
Telling
78%
that
78%
came
77%
without
77%
Even
76%
get
76%
Knowing
76%
good
75%
though
75%
see
73%
offense
72%
out
72%
pass
72%
test
72%
always
71%
head
71%
nice
71%
impossible
70%
myself
70%
kindly
68%
one
66%
remember
64%
day
63%

Score Distribution

Percentile by Number Answered

Percent of People with Each Score

Your Score History

You have not taken this quiz